00476nam a2200097Ia 45000010005000000080041000050820019000461000021000652450268000862600024003543015241024s9999 xx 000 0 und d aRD/370.7/W424e aJosé Weinstein 0aLa esquiva política entre las volátiles políticas docentes. III Reunión Técnica Estrategía Regional sobre Docentes, Santo Domingo, 6 y 7 de junio de 2013, (Profesores para una educación para todos. Proyecto estratégico sobre docentes OREALC/UNESCO bSanto Domingoc2013